Flagi Europy z kolorem żółtym - Statystyki

Ogólne statystyki
  • Ten quiz został rozwiązany 36 razy
  • Średni wynik to 15 z 19
Statystyki odpowiedzi
% Poprawnych
Niemcy
94%
Szwecja
94%
Hiszpania
91%
Mołdawia
88%
Watykan
85%
Litwa
82%
Andora
79%
Belgia
79%
Portugalia
79%
Liechtenstein
76%
Ukraina
76%
Macedonia Północna
73%
Bośnia i Hercegowina
70%
Chorwacja
70%
Słowenia
70%
Serbia
67%
Czarnogóra
64%
Kosowo
64%
San Marino
58%
Nie znaleziono quizów pasujących do podanych kryteriów
Rozkład punktacji
Procent ludzi z każdym wynikiem
Percentyl według liczby udzielonych odpowiedzi
Twoja historia wyników
Nie rozwiązałeś tego quizu